[Event "Dublin Bolger Cup"]
[Site "Dublin"]
[Date "2023.02.19"]
[Round "4"]
[White "Lever, Erwan"]
[Black "Brookes, Christopher"]
[Result "1-0"]
[WhiteElo "2225"]
[BlackElo "2185"]
[PlyCount "63"]
[EventDate "2023.02.17"]
[EventType "swiss"]
[EventRounds "5"]
[EventCountry "IRL"]
[SourceTitle "EXT 2024"]
[Source "ChessBase"]
[SourceDate "2023.10.10"]
[SourceVersion "1"]
[SourceVersionDate "2023.10.10"]
[SourceQuality "1"]

1. d4 Nf6 2. c4 g6 3. Nc3 d5 4. e3 Bg7 5. cxd5 Nxd5 6. Nxd5 Qxd5 7. Ne2 0-0 8. Nc3 Qd6 9. Be2 e5 10. d5 c6 11. e4 Nd7 12. 0-0 Nb6 13. dxc6 Qxc6 14. Bg5 f6 15. Bb5 Qc7 16. Be3 Rd8 17. Qb3+ Qf7 18. Bxb6 Be6 19. Bxd8 Bxb3 20. axb3 Qxb3 21. Be7 Rc8 22. Ba4 Qxb2 23. Nd5 Qd4 24. Bd7 Rc2 25. Be6+ Kh8 26. Rad1 Rd2 27. Rc1 h5 28. Nxf6 Bxf6 29. Bxf6+ Kh7 30. Rc8 g5 31. Bf5+ Kh6 32. Rh8# 1-0

[Event "Dublin Bolger Cup"]
[Site "Dublin"]
[Date "2022.03.27"]
[Round "5"]
[White "Brookes, Christopher"]
[Black "Melaugh, Shanemelaugh"]
[Result "1/2-1/2"]
[WhiteElo "2191"]
[BlackElo "2149"]
[PlyCount "76"]
[EventDate "2022.03.25"]
[EventType "swiss"]
[EventRounds "5"]
[EventCountry "IRL"]
[SourceTitle "CBM 207 Extra"]
[Source "ChessBase"]
[SourceDate "2022.05.31"]
[SourceVersion "1"]
[SourceVersionDate "2022.05.31"]
[SourceQuality "1"]

1. e4 e6 2. d4 d5 3. Nc3 Nf6 4. e5 Nfd7 5. f4 c5 6. Nf3 Nc6 7. Be3 h6 8. Qd2 g5 9. g3 g4 10. Nh4 cxd4 11. Bxd4 Nxd4 12. Qxd4 Bc5 13. Qd3 Qa5 14. Qb5 Qc7 15. 0-0-0 a6 16. Qd3 b5 17. h3 gxh3 18. Rxh3 Bb7 19. Nf3 0-0-0 20. Nd4 Nb6 21. Bg2 Rdg8 22. Nce2 Nc4 23. Rdh1 Bf8 24. Kb1 Kb8 25. Bf3 Qe7 26. c3 f6 27. exf6 Qxf6 28. Nc2 Bg7 29. b3 Nd6 30. g4 Rd8 31. Qe3 Rhe8 32. Rh5 Rc8 33. Nb4 a5 34. Qb6 Rxc3 35. Na6+ Ka8 36. Nxc3 Qxc3 37. Nc7+ Kb8 38. Na6+ Ka8 1/2-1/2

[Event "Hasselbacken op"]
[Site "Stockholm"]
[Date "2016.05.05"]
[Round "6"]
[White "Franzen, Thomas"]
[Black "Brookes, Christopher"]
[Result "0-1"]
[WhiteElo "1980"]
[BlackElo "2213"]
[PlyCount "98"]
[EventDate "2016.04.30"]
[EventType "swiss"]
[EventRounds "9"]
[EventCountry "SWE"]
[SourceTitle "CBM 172 Extra"]
[Source "ChessBase"]
[SourceDate "2016.06.21"]
[SourceVersion "1"]
[SourceVersionDate "2016.06.21"]
[SourceQuality "1"]

1. d4 Nf6 2. c4 g6 3. g3 c6 4. Bg2 d5 5. b3 Bg7 6. Bb2 0-0 7. Nf3 Ne4 8. 0-0 Be6 9. Nbd2 Nxd2 10. Nxd2 c5 11. e4 dxc4 12. Nxc4 cxd4 13. e5 Qc7 14. Qxd4 Nc6 15. Qe4 Bf5 16. Qe2 Rad8 17. Rfd1 Nb4 18. Ne3 Bd3 19. Qf3 Ba6 20. Rac1 Qa5 21. Nc4 Bxc4 22. Rxc4 Nc6 23. Bc3 Qxa2 24. Rxd8 Rxd8 25. e6 Qb1+ 26. Bf1 fxe6 27. Bxg7 Kxg7 28. Qc3+ Kg8 29. Kg2 Qf5 30. Be2 Qf6 31. Qe3 Rd4 32. Rc5 Rd5 33. Rc2 Qe5 34. Qc1 Kg7 35. Bf3 Nd4 36. Rc4 Nxf3 37. Kxf3 Rd3+ 38. Kg2 Rxb3 39. Rf4 Rc3 40. Qb1 b5 41. Qb4 Qc5 42. Qb1 e5 43. Rg4 Rc2 44. Qe1 Qd5+ 45. Kh3 Rc4 46. Rg5 Re4 47. Qc3 h6 48. Rg4 Rxg4 49. Kxg4 Qd4+ 0-1

[Event "Riga Tech op 4th"]
[Site "Riga"]
[Date "2014.08.16"]
[Round "1"]
[White "Yemelin, Vasily"]
[Black "Brookes, Christopher"]
[Result "1-0"]
[WhiteElo "2573"]
[BlackElo "2231"]
[PlyCount "43"]
[EventDate "2014.08.16"]
[EventType "swiss"]
[EventRounds "9"]
[EventCountry "LAT"]
[SourceTitle "CBM 161 Extra"]
[Source "ChessBase"]
[SourceDate "2014.08.29"]
[SourceVersion "1"]
[SourceVersionDate "2014.08.29"]
[SourceQuality "1"]

1. d4 Nf6 2. Bg5 d5 3. e3 g6 4. Bd3 Bg7 5. Nd2 c5 6. c3 Nc6 7. dxc5 0-0 8. Ngf3 e5 9. e4 Be6 10. 0-0 Qc7 11. Bxf6 Bxf6 12. exd5 Bxd5 13. Bc4 Rfd8 14. Bxd5 Rxd5 15. Qb3 Rad8 16. Ne4 Be7 17. Nd6 Rxc5 18. Qxf7+ Kh8 19. Ne8 Rxe8 20. Qxe8+ Kg7 21. Rad1 Nb8 22. Rfe1 1-0

[Event "Vlissingen HZ op 18th"]
[Site "Vlissingen"]
[Date "2014.08.07"]
[Round "7"]
[White "Dijkstra, Arjan"]
[Black "Brookes, Christopher"]
[Result "0-1"]
[WhiteElo "1984"]
[BlackElo "2231"]
[PlyCount "64"]
[EventDate "2014.08.02"]
[EventType "swiss"]
[EventRounds "9"]
[EventCountry "NED"]
[SourceTitle "CBM 161 Extra"]
[Source "ChessBase"]
[SourceDate "2014.08.29"]
[SourceVersion "1"]
[SourceVersionDate "2014.08.29"]
[SourceQuality "1"]

1. e4 c5 2. Nf3 d6 3. c3 Nf6 4. Be2 e5 5. 0-0 Be7 6. d4 Qc7 7. d5 Nbd7 8. Qc2 a6 9. a4 Nf8 10. h3 Ng6 11. Na3 Rb8 12. Re1 0-0 13. Nh2 Bd7 14. c4 h6 15. Ng4 Nh7 16. Ne3 Bg5 17. Bg4 Bxe3 18. Bxe3 Qc8 19. Bxd7 Qxd7 20. Rab1 f5 21. exf5 Rxf5 22. b4 cxb4 23. Rxb4 Nf4 24. Bxf4 Rxf4 25. Reb1 a5 26. Rb6 Ng5 27. Qg6 Rf6 28. Qc2 e4 29. h4 Nf3+ 30. gxf3 exf3 31. Rxb7 Qg4+ 32. Kf1 Re8 0-1

[Event "Vlissingen HZ op 18th"]
[Site "Vlissingen"]
[Date "2014.08.03"]
[Round "3"]
[White "De Jong, Migchiel"]
[Black "Brookes, Christopher"]
[Result "1/2-1/2"]
[WhiteElo "2345"]
[BlackElo "2231"]
[PlyCount "103"]
[EventDate "2014.08.02"]
[EventType "swiss"]
[EventRounds "9"]
[EventCountry "NED"]
[SourceTitle "CBM 161 Extra"]
[Source "ChessBase"]
[SourceDate "2014.08.29"]
[SourceVersion "1"]
[SourceVersionDate "2014.08.29"]
[SourceQuality "1"]

1. e4 c5 2. Nf3 Nc6 3. Bb5 Nf6 4. e5 Nd5 5. 0-0 g6 6. Bxc6 dxc6 7. d4 cxd4 8. Qxd4 Qb6 9. Qh4 Bg7 10. c4 Nc7 11. b3 Ne6 12. Ba3 Qc7 13. Nc3 f6 14. Rfe1 0-0 15. Ne4 fxe5 16. Neg5 Nxg5 17. Nxg5 h6 18. Ne4 Rf7 19. Qg3 Bf5 20. Bb2 Raf8 21. Nd2 Qd6 22. Nf3 e4 23. Ne5 Bxe5 24. Bxe5 Qd3 25. Re3 Qd2 26. h3 Kh7 27. a4 Rd8 28. Rae1 Rd3 29. Kh2 Qxe1 30. Rxe1 Rxg3 31. Kxg3 Rf8 32. Rd1 Kg8 33. Bf4 g5 34. Be3 a6 35. h4 Kf7 36. hxg5 Rg8 37. Rh1 hxg5 38. Rh6 Rg7 39. b4 Rg8 40. b5 axb5 41. axb5 cxb5 42. cxb5 Rg6 43. Rh8 Rg8 44. Rxg8 Kxg8 45. b6 g4 46. Kf4 Bd7 47. g3 Kf7 48. Kxe4 Bc6+ 49. Ke5 Bf3 50. Kf5 Be2 51. Bc5 Bf3 52. Ke5 1/2-1/2

[Event "Cappelle op 30th"]
[Site "Cappelle la Grande"]
[Date "2014.03.05"]
[Round "6"]
[White "Brookes, Christopher"]
[Black "Kristiansen, Jens"]
[Result "0-1"]
[WhiteElo "2146"]
[BlackElo "2419"]
[PlyCount "170"]
[EventDate "2014.03.01"]
[EventType "swiss"]
[EventRounds "9"]
[EventCountry "FRA"]
[SourceTitle "CBM 159 Extra"]
[Source "ChessBase"]
[SourceDate "2014.04.24"]
[SourceVersion "1"]
[SourceVersionDate "2014.04.24"]
[SourceQuality "1"]

1. e4 c5 2. Nf3 d6 3. d4 cxd4 4. Nxd4 Nf6 5. Nc3 e6 6. Bc4 Be7 7. 0-0 0-0 8. Be3 a6 9. a4 Nc6 10. h3 Qc7 11. Qe2 Na5 12. Ba2 b6 13. f4 Bb7 14. Bf2 Rac8 15. e5 dxe5 16. fxe5 Nd7 17. Rae1 Nc4 18. Bxc4 Qxc4 19. Qg4 Rfd8 20. Qf4 Bc5 21. Rd1 Nf8 22. Rd3 Ng6 23. Qe3 Bxd4 24. Rxd4 Rxd4 25. Qxd4 Qc6 26. Qg4 Nxe5 27. Qg3 Rd8 28. Be3 Ng6 29. Rf2 b5 30. axb5 axb5 31. Qg5 Rb8 32. Qxb5 Qxb5 33. Nxb5 Bxg2 34. Rxg2 Rxb5 35. c4 Rb3 36. Bd4 Nh4 37. Rxg7+ Kf8 38. Bf6 Ng6 39. Rxh7 Rf3 40. Bc3 Rf4 41. c5 Rc4 42. Kf2 Kg8 43. Rg7+ Kf8 44. Rh7 Ke8 45. Rh5 Nf4 46. Rh8+ Kd7 47. Rh7 Ke8 48. Rh8+ Kd7 49. Rh7 Ke7 50. Rh4 e5 51. Kf3 Ke6 52. Rh6+ f6 53. Rh8 Rxc5 54. Ra8 Nxh3 55. Bd2 Rc2 56. Be3 Rxb2 57. Rh8 Ng5+ 58. Bxg5 fxg5 59. Re8+ Kf6 60. Rf8+ Ke6 61. Re8+ Kf5 62. Rf8+ Kg6 63. Rg8+ Kh6 64. Rh8+ Kg7 65. Re8 Rb5 66. Re6 Kf7 67. Ra6 Rb4 68. Rc6 Rf4+ 69. Ke3 g4 70. Ra6 g3 71. Ra1 Kf6 72. Rg1 Rg4 73. Kf3 Kf5 74. Kg2 Ra4 75. Rb1 Kg4 76. Rb8 Ra2+ 77. Kg1 e4 78. Rf8 e3 79. Rg8+ Kf3 80. Rf8+ Ke4 81. Rg8 e2 82. Re8+ Kf5 83. Rf8+ Kg6 84. Rg8+ Kf7 85. Rxg3 e1Q# 0-1

[Event "Cappelle op 30th"]
[Site "Cappelle la Grande"]
[Date "2014.03.02"]
[Round "2"]
[White "Brookes, Christopher"]
[Black "Piscopo, Pierluigi"]
[Result "0-1"]
[WhiteElo "2146"]
[BlackElo "2407"]
[PlyCount "54"]
[EventDate "2014.03.01"]
[EventType "swiss"]
[EventRounds "9"]
[EventCountry "FRA"]
[SourceTitle "CBM 159 Extra"]
[Source "ChessBase"]
[SourceDate "2014.04.24"]
[SourceVersion "1"]
[SourceVersionDate "2014.04.24"]
[SourceQuality "1"]

1. e4 c5 2. Nf3 Nc6 3. d4 cxd4 4. Nxd4 e5 5. Nb5 d6 6. N1c3 a6 7. Na3 Be7 8. Nd5 Nf6 9. Nxf6+ Bxf6 10. Be2 Be6 11. c4 Bg5 12. 0-0 0-0 13. Nc2 Rc8 14. b4 h6 15. Bxg5 Qxg5 16. Qc1 Qg6 17. Bd3 b5 18. c5 Bh3 19. g3 Bxf1 20. Kxf1 Rfd8 21. Qa3 dxc5 22. bxc5 Nd4 23. Ne3 Qh5 24. Kg1 Nf3+ 25. Kg2 Ng5 26. Rd1 Qf3+ 27. Kf1 Nxe4 0-1

[Event "Cappelle op 30th"]
[Site "Cappelle la Grande"]
[Date "2014.03.01"]
[Round "1"]
[White "Manea, Alexandru"]
[Black "Brookes, Christopher"]
[Result "1/2-1/2"]
[WhiteElo "2385"]
[BlackElo "2146"]
[PlyCount "84"]
[EventDate "2014.03.01"]
[EventType "swiss"]
[EventRounds "9"]
[EventCountry "FRA"]
[SourceTitle "CBM 159 Extra"]
[Source "ChessBase"]
[SourceDate "2014.04.24"]
[SourceVersion "1"]
[SourceVersionDate "2014.04.24"]
[SourceQuality "1"]

1. d4 Nf6 2. c4 g6 3. Nc3 d5 4. Nf3 Bg7 5. Bf4 c6 6. e3 0-0 7. Be2 Bf5 8. Qb3 Qb6 9. c5 Qxb3 10. axb3 Nbd7 11. h3 Ne4 12. b4 Rfe8 13. g4 Nxc3 14. bxc3 Be4 15. 0-0 e5 16. Bh2 Bxf3 17. Bxf3 a6 18. Ra2 Bf6 19. Bg3 Rac8 20. Rd1 exd4 21. cxd4 Bd8 22. Kg2 Bc7 23. Bh4 Bd8 24. Bg3 Bc7 25. g5 Bxg3 26. Kxg3 Rc7 27. h4 f5 28. Rh1 Nf8 29. Bd1 Rf7 30. Rh3 f4+ 31. Kg2 Rfe7 32. Ra3 Ne6 33. Bg4 fxe3 34. fxe3 Nc7 35. Rf3 Kg7 36. Kg3 Re4 37. Rd3 Ne6 38. Rf2 Nc7 39. Rf3 Ne6 40. Rf2 Nc7 41. Rf3 Ne6 42. Rf2 Nc7 1/2-1/2

[Event "Groningen op-A 51st"]
[Site "Groningen"]
[Date "2013.12.30"]
[Round "9"]
[White "Sparenberg, Erik"]
[Black "Brookes, Christopher"]
[Result "1/2-1/2"]
[WhiteElo "2112"]
[BlackElo "2182"]
[PlyCount "90"]
[EventDate "2013.12.21"]
[EventType "swiss"]
[EventRounds "9"]
[EventCountry "NED"]
[SourceTitle "CBM 158 Extra"]
[Source "ChessBase"]
[SourceDate "2014.02.28"]
[SourceVersion "1"]
[SourceVersionDate "2014.02.28"]
[SourceQuality "1"]

1. e4 c5 2. Nf3 Nc6 3. d4 cxd4 4. Nxd4 Nf6 5. Nc3 d6 6. Bg5 e6 7. Qd2 a6 8. 0-0-0 Bd7 9. f3 Be7 10. h4 Qc7 11. Kb1 Nxd4 12. Qxd4 b5 13. g4 Qa7 14. Qd2 Bc6 15. Bh3 Qb7 16. Ne2 h6 17. Be3 d5 18. e5 Nd7 19. Bd4 0-0-0 20. g5 hxg5 21. hxg5 g6 22. Qf4 Rhf8 23. Bg4 Nb6 24. Rh7 Be8 25. b3 Kb8 26. Qe3 Nc8 27. Nc1 Rd7 28. Rdh1 Qc6 29. f4 Rc7 30. Bd1 Ba3 31. Rh8 Rxh8 32. Rxh8 Ne7 33. Qd2 Nf5 34. Bf2 Rc8 35. Nd3 d4 36. Nb4 Bxb4 37. Qxb4 d3 38. c4 Qb7 39. cxb5 axb5 40. a4 Qc6 41. Qa5 Qc1+ 42. Ka2 Rc2+ 43. Bxc2 Qxc2+ 44. Ka3 Qc1+ 45. Ka2 Qc2+ 1/2-1/2

[Event "Groningen op-A 51st"]
[Site "Groningen"]
[Date "2013.12.27"]
[Round "6"]
[White "Lee, Kai Jie Edward"]
[Black "Brookes, Christopher"]
[Result "1-0"]
[WhiteElo "2145"]
[BlackElo "2182"]
[PlyCount "85"]
[EventDate "2013.12.21"]
[EventType "swiss"]
[EventRounds "9"]
[EventCountry "NED"]
[SourceTitle "CBM 158 Extra"]
[Source "ChessBase"]
[SourceDate "2014.02.28"]
[SourceVersion "1"]
[SourceVersionDate "2014.02.28"]
[SourceQuality "1"]

1. e4 c5 2. Nf3 Nc6 3. d4 cxd4 4. Nxd4 Nf6 5. Nc3 d6 6. Bc4 Bd7 7. 0-0 g6 8. Nxc6 Bxc6 9. Nd5 Bg7 10. Bg5 0-0 11. Bxf6 exf6 12. Qd3 Qd7 13. Rad1 Rad8 14. b4 b5 15. Bb3 Rfe8 16. Rfe1 a6 17. Re3 Re5 18. f4 Ree8 19. Kh1 Qc8 20. c4 Qb7 21. a3 Qa7 22. Rg3 Bxd5 23. Qxd5 f5 24. cxb5 Rxe4 25. b6 Qxb6 26. Qxf7+ Kh8 27. Rxg6 Qd4 28. h3 Qxd1+ 29. Bxd1 hxg6 30. Qxg6 Rxf4 31. Qh5+ Kg8 32. Bb3+ d5 33. Qg5 Rf1+ 34. Kh2 Rd6 35. Qe7 Rg6 36. Bxd5+ Kh7 37. Qe2 Ra1 38. Qh5+ Bh6 39. Qxf5 Rxa3 40. Be4 Rag3 41. Qf7+ Bg7 42. h4 R3g4 43. h5 1-0

[Event "Groningen op-A 51st"]
[Site "Groningen"]
[Date "2013.12.22"]
[Round "2"]
[White "Mager, Denis"]
[Black "Brookes, Christopher"]
[Result "1-0"]
[WhiteElo "2060"]
[BlackElo "2182"]
[PlyCount "89"]
[EventDate "2013.12.21"]
[EventType "swiss"]
[EventRounds "9"]
[EventCountry "NED"]
[SourceTitle "CBM 158 Extra"]
[Source "ChessBase"]
[SourceDate "2014.02.28"]
[SourceVersion "1"]
[SourceVersionDate "2014.02.28"]
[SourceQuality "1"]

1. Nf3 Nf6 2. c4 g6 3. Nc3 Bg7 4. e4 d6 5. d4 0-0 6. Be2 e5 7. Qc2 Nc6 8. d5 Nb4 9. Qb1 a5 10. a3 Na6 11. b4 c5 12. dxc6 bxc6 13. 0-0 Bb7 14. Rd1 Qe7 15. Be3 Rfb8 16. Bb6 axb4 17. axb4 d5 18. cxd5 cxd5 19. Bxa6 Bxa6 20. Bc5 Qe8 21. Nxd5 Nxd5 22. Rxd5 Bb7 23. Rxa8 Rxa8 24. Rd1 Qc6 25. Nd2 h5 26. f3 h4 27. Nc4 h3 28. Nb6 Ra6 29. Qd3 Kh7 30. Nd5 Ra2 31. gxh3 Qe6 32. Qb3 Ra8 33. Kg2 Bc8 34. b5 Qxh3+ 35. Kg1 f5 36. Ne7 Bb7 37. Qf7 Qh5 38. Nxf5 Qg5+ 39. Ng3 Bc8 40. Kh1 Bh3 41. b6 Ra5 42. Bf8 Qf6 43. Qxg7+ Qxg7 44. Bxg7 Kxg7 45. Rb1 1-0

[Event "Hoogeveen Unive op 17th"]
[Site "Hoogeveen"]
[Date "2013.10.19"]
[Round "2"]
[White "Brookes, Christopher"]
[Black "Lecomte, Robin"]
[Result "1-0"]
[WhiteElo "2136"]
[BlackElo "2040"]
[PlyCount "93"]
[EventDate "2013.10.18"]
[EventType "swiss"]
[EventRounds "9"]
[EventCountry "NED"]
[SourceTitle "EXT 2014"]
[Source "ChessBase"]
[SourceDate "2013.11.20"]
[SourceVersion "1"]
[SourceVersionDate "2013.11.20"]
[SourceQuality "1"]

1. e4 c5 2. Nf3 Nc6 3. Bb5 e6 4. 0-0 Nge7 5. b3 Nd4 6. Nxd4 cxd4 7. Ba3 g6 8. f4 Bg7 9. e5 f6 10. Qe2 0-0 11. Re1 fxe5 12. fxe5 Rf5 13. Bd6 Nd5 14. Bd3 Nf4 15. Qg4 Nxd3 16. cxd3 b6 17. Qxd4 Bb7 18. Nc3 Qg5 19. Ne4 Rxe5 20. Bxe5 Qxe5 21. Qxe5 Bxe5 22. Rac1 Ba6 23. Kh1 Re8 24. Nc5 bxc5 25. Rxe5 d6 26. Re3 e5 27. Rf3 Kg7 28. b4 Rc8 29. bxc5 dxc5 30. Rc3 Bb5 31. Kg1 a6 32. Kf2 Rd8 33. Rxc5 Bxd3 34. Rxe5 Bb1 35. Re7+ Kg8 36. Ke3 Bxa2 37. d4 Bc4 38. Rh3 Bf7 39. Ra7 Rd6 40. Kd3 Rb6 41. Rf3 Bd5 42. Re3 Rb3+ 43. Kd2 Rb2+ 44. Kc1 Rb8 45. Ree7 Bxg2 46. Rxh7 Rb4 47. Rhd7 1-0

[Event "Vlissingen HZ op 17th"]
[Site "Vlissingen"]
[Date "2013.08.06"]
[Round "5"]
[White "Beukema, Stefan"]
[Black "Brookes, Christopher"]
[Result "0-1"]
[WhiteElo "2321"]
[BlackElo "2112"]
[PlyCount "68"]
[EventDate "2013.08.03"]
[EventType "swiss"]
[EventRounds "9"]
[EventCountry "NED"]
[SourceTitle "CBM 155 Extra"]
[Source "ChessBase"]
[SourceDate "2013.08.26"]
[SourceVersion "1"]
[SourceVersionDate "2013.08.26"]
[SourceQuality "1"]

1. Nf3 Nf6 2. c4 g6 3. Nc3 Bg7 4. e4 d6 5. d4 0-0 6. Be2 e5 7. 0-0 Nbd7 8. Be3 h6 9. h3 Nh5 10. Qd2 Kh7 11. dxe5 dxe5 12. Rfd1 c6 13. g4 Nf4 14. Bxf4 exf4 15. Qxf4 Qe7 16. Qe3 Re8 17. Nd4 Nc5 18. f3 a5 19. Bf1 a4 20. Re1 Qe5 21. Rad1 g5 22. Nce2 Be6 23. f4 Qxe4 24. Qa3 Bxc4 25. Qxc5 Qe3+ 26. Kh2 Qf2+ 27. Bg2 Bd5 28. Qxd5 cxd5 29. Rf1 Rxe2 30. Nxe2 Qxe2 31. fxg5 hxg5 32. Rxd5 Rc8 33. Rd7 Rc2 34. Rg1 Bd4 0-1

[Event "Amsterdam Science Park op-A 3rd"]
[Site "Amsterdam"]
[Date "2013.07.08"]
[Round "3"]
[White "Miedema, David"]
[Black "Brookes, Christopher"]
[Result "1-0"]
[WhiteElo "2394"]
[BlackElo "2139"]
[PlyCount "107"]
[EventDate "2013.07.06"]
[EventType "swiss"]
[EventRounds "9"]
[EventCountry "NED"]
[SourceTitle "CBM 155 Extra"]
[Source "ChessBase"]
[SourceDate "2013.08.26"]
[SourceVersion "1"]
[SourceVersionDate "2013.08.26"]
[SourceQuality "1"]

1. d4 Nf6 2. c4 g6 3. f3 Bg7 4. e4 d6 5. Nc3 Nc6 6. Be3 a6 7. Nge2 Rb8 8. Qd2 Bd7 9. Nc1 e5 10. d5 Nd4 11. N1e2 c5 12. dxc6 bxc6 13. Nxd4 exd4 14. Bxd4 Qa5 15. Be2 c5 16. Be3 0-0 17. 0-0 Be6 18. Rac1 Nd7 19. b3 Rbd8 20. Rfd1 Ne5 21. Nd5 Qxd2 22. Rxd2 Nc6 23. Nc7 Rd7 24. Nxe6 fxe6 25. Bxc5 Bh6 26. Rcd1 Bxd2 27. Rxd2 Rfd8 28. Bb6 Rb8 29. Be3 a5 30. c5 d5 31. Bf4 Rb4 32. Bc4 Rf7 33. exd5 exd5 34. Bxd5 Rbxf4 35. Bxc6 Rc7 36. Bd5+ Kf8 37. c6 Ke7 38. Be4 Rf6 39. Kf2 Rd6 40. Rb2 Rd1 41. a3 Kd6 42. b4 axb4 43. axb4 Rxc6 44. Bxc6 Kxc6 45. b5+ Kb6 46. Ke3 Rd5 47. Ke4 Rc5 48. f4 h5 49. g3 h4 50. g4 h3 51. Rb3 Rc4+ 52. Ke5 g5 53. fxg5 Rxg4 54. Kf5 1-0

[Event "Groningen op-A 50th"]
[Site "Groningen"]
[Date "2012.12.21"]
[Round "1"]
[White "Brookes, Christopher"]
[Black "Das, Arghyadip"]
[Result "0-1"]
[WhiteElo "2163"]
[BlackElo "2476"]
[PlyCount "108"]
[EventDate "2012.12.21"]
[EventType "swiss"]
[EventRounds "9"]
[EventCountry "NED"]
[SourceTitle "CBM 152 Extra"]
[Source "ChessBase"]
[SourceDate "2013.02.25"]
[SourceVersion "1"]
[SourceVersionDate "2013.02.25"]
[SourceQuality "1"]

1. e4 c5 2. Nf3 a6 3. d4 cxd4 4. Nxd4 Nf6 5. Nc3 e5 6. Nb3 Bb4 7. Qd3 h6 8. Be2 0-0 9. 0-0 d6 10. Bd2 Nbd7 11. a3 Nc5 12. Nxc5 Bxc5 13. Qg3 Kh8 14. Kh1 Bd4 15. Qh4 Kg8 16. Bd3 Bd7 17. Ne2 Ba7 18. f4 Bc6 19. Nc3 Bd4 20. Rae1 exf4 21. Bxf4 Be5 22. Re3 Nd7 23. Qg4 Bxf4 24. Qxf4 Ne5 25. Rg3 Kh8 26. Ne2 Qe7 27. Nd4 Bd7 28. c3 b5 29. h3 Be6 30. Be2 Kh7 31. Qd2 Rab8 32. Kh2 Bd7 33. Bg4 Nxg4+ 34. hxg4 Qxe4 35. Nf5 Bxf5 36. gxf5 Qh4+ 37. Rh3 Qf6 38. Rd3 Rbd8 39. Rd5 Rfe8 40. Qf4 Re2 41. Rf2 Rxf2 42. Qxf2 Re8 43. Qd4 Re5 44. Rxd6 Qxf5 45. Qd3 Qxd3 46. Rxd3 Re2 47. Rd6 Rxb2 48. Rxa6 Rb3 49. a4 bxa4 50. Rxa4 Rxc3 51. Ra6 f6 52. Rb6 h5 53. Rb7 Kh6 54. Rb6 Kg5 0-1

[Event "Amsterdam Science Park op-A 2nd"]
[Site "Amsterdam"]
[Date "2012.07.18"]
[Round "5"]
[White "Brookes, Christopher"]
[Black "De Roode, Martijn"]
[Result "0-1"]
[WhiteElo "2171"]
[BlackElo "2100"]
[PlyCount "66"]
[EventDate "2012.07.14"]
[EventType "swiss"]
[EventRounds "9"]
[EventCountry "NED"]
[SourceTitle "CBM 149 Extra"]
[Source "ChessBase"]
[SourceDate "2012.08.24"]
[SourceVersion "1"]
[SourceVersionDate "2012.08.24"]
[SourceQuality "1"]

1. e4 e6 2. d4 d5 3. Nc3 Nf6 4. e5 Nfd7 5. f4 c5 6. Nf3 Nc6 7. Be3 cxd4 8. Nxd4 Bc5 9. Qd2 0-0 10. 0-0-0 a6 11. Qf2 Bxd4 12. Bxd4 b5 13. Be3 Qa5 14. Kb1 b4 15. Ne2 Qc7 16. Nd4 Nxd4 17. Bxd4 a5 18. h4 Ba6 19. h5 Rfc8 20. h6 g6 21. g4 a4 22. b3 a3 23. Bd3 Bxd3 24. cxd3 Ra6 25. Rc1 Rc6 26. Rxc6 Qxc6 27. Rd1 Qc7 28. Rf1 Qd8 29. Be3 Qf8 30. Bd4 Qxh6 31. f5 Qh3 32. fxe6 Qxd3+ 33. Ka1 fxe6 0-1

[Event "Vlissingen HZ op 15th"]
[Site "Vlissingen"]
[Date "2011.08.05"]
[Round "8"]
[White "Brookes, Christopher"]
[Black "Zaragatski, Ilja"]
[Result "0-1"]
[WhiteElo "2056"]
[BlackElo "2469"]
[PlyCount "90"]
[EventDate "2011.07.30"]
[EventType "swiss"]
[EventRounds "9"]
[EventCountry "NED"]
[SourceTitle "CBM 143 Extra"]
[Source "ChessBase"]
[SourceDate "2011.08.29"]
[SourceVersion "1"]
[SourceVersionDate "2011.08.29"]
[SourceQuality "1"]

1. e4 e5 2. Nf3 d6 3. d4 exd4 4. Nxd4 Nf6 5. Nc3 Be7 6. Bf4 0-0 7. Qd2 a6 8. 0-0-0 b5 9. f3 c5 10. Nf5 Bxf5 11. exf5 Nc6 12. g4 b4 13. Nd5 Nxd5 14. Qxd5 Bg5 15. Qxc6 Bxf4+ 16. Kb1 a5 17. Bc4 a4 18. h4 b3 19. cxb3 a3 20. Rhe1 axb2 21. a4 Qa5 22. Re7 Rad8 23. Qe4 Be5 24. Rb7 Qc3 25. g5 Kh8 26. f6 d5 27. fxg7+ Bxg7 28. Bxd5 Rfe8 29. Re7 Rxe7 30. Qxe7 Rb8 31. Bxf7 Rf8 32. Qb7 Bd4 33. Qe7 Bg7 34. Qb7 Bd4 35. Bd5 Qe3 36. Be4 Bg7 37. Qd5 Bd4 38. Qd7 Bg7 39. a5 Qxb3 40. Rd3 Qb4 41. Rd6 Qxa5 42. Kc2 Qc3+ 43. Kb1 Qc1+ 44. Ka2 b1Q+ 45. Bxb1 Qb2# 0-1

[Event "Amsterdam Science Park op-A 1st"]
[Site "Amsterdam"]
[Date "2011.07.13"]
[Round "5"]
[White "Posedaru, Bogdan Stefan"]
[Black "Brookes, Christopher"]
[Result "1-0"]
[WhiteElo "2354"]
[BlackElo "2056"]
[PlyCount "79"]
[EventDate "2011.07.09"]
[EventType "swiss"]
[EventRounds "9"]
[EventCountry "NED"]
[SourceTitle "CBM 143 Extra"]
[Source "ChessBase"]
[SourceDate "2011.08.29"]
[SourceVersion "1"]
[SourceVersionDate "2011.08.29"]
[SourceQuality "1"]

1. d4 Nf6 2. c4 g6 3. Nc3 d5 4. Nf3 Bg7 5. e3 0-0 6. b4 c6 7. Bb2 Be6 8. c5 Nbd7 9. h3 a5 10. b5 Ne4 11. Rc1 a4 12. b6 a3 13. Ba1 Bf5 14. Nxe4 dxe4 15. Nd2 e5 16. Nc4 exd4 17. exd4 Nf6 18. Ne3 Be6 19. Bc4 Bxc4 20. Rxc4 Nd5 21. 0-0 f5 22. Ra4 Rxa4 23. Qxa4 f4 24. Nxd5 Qxd5 25. Qxa3 Bxd4 26. Bxd4 Qxd4 27. Qb3+ Kg7 28. Rd1 Qxc5 29. Rd7+ Kh6 30. Qb2 e3 31. h4 exf2+ 32. Qxf2 Qe5 33. g4 f3 34. g5+ Kh5 35. Rxh7+ Kg4 36. Rd7 Qg3+ 37. Kf1 Re8 38. Rd4+ Kh3 39. Rd3 Re2 40. Qxe2 1-0